| 000 | 00651nam a2200181 a 4500 | ||
|---|---|---|---|
| 003 | 0 | ||
| 005 | 20250208124354.0 | ||
| 008 | 130123s19uu xx 00 eng d | ||
| 050 |
_aPHS LB 1033 _b.L732 2012 |
||
| 100 | _aMin, Lim Kang. | ||
| 245 |
_aClassroom behaviors of Filipino and foreign student / _cLim Kang Min. |
||
| 260 |
_aLas PiƱas City, Philippines : _bSouthville International School and Colleges, _c2012. |
||
| 300 |
_a22 pages : _billustrations ; _c28 cm. |
||
| 504 | _aIncludes bibliographical references. | ||
| 650 |
_aStudents, Foreign _xBehavior _xAnalysis |
||
| 650 |
_aHigh school students _xBehavior _xAnalysis |
||
| 942 |
_2lcc _cPASS |
||
| 999 |
_c98835 _d98835 |
||